| 000 | 00339nam a22001337a 4500 | ||
|---|---|---|---|
| 008 | 170912b xxu||||| |||| 00| 0 eng d | ||
| 020 | _a9781133953999 | ||
| 041 | _aeng | ||
| 080 | _a53 | ||
| 100 | _a43 | ||
| 101 | _aFIZ | ||
| 245 |
_aPHYSICS FOR SCIENTISTS AND ENGINEERS WITH MODERN PHYSICS _cJEWET.S |
||
| 942 |
_2udc _cBK |
||
| 999 |
_c27297 _d27297 |
||